LIBRARY & INFORMATION CENTRE, KCAET, TAVANUR

ONLINE PUBLIC ACCESS CATALOGUE (OPAC)

Engineering graphics for degree / (Record no. 13328)

MARC details
000 -LEADER
fixed length control field 00261cam a2200109ua 4500
082 ## - DEWEY DECIMAL CLASSIFICATION NUMBER
Classification number 604.2
Item number JOH/EN
100 ## - MAIN ENTRY--AUTHOR NAME
Personal name John, K C .
245 ## - TITLE STATEMENT
Title Engineering graphics for degree /
260 ## - PUBLICATION, DISTRIBUTION, ETC. (IMPRINT)
Place of publication Thrissur :
Name of publisher Jet Publications ,
Year of publication 2004.
300 ## - PHYSICAL DESCRIPTION
Number of Pages ; .
942 ## - ADDED ENTRY ELEMENTS (KOHA)
Koha item type Books
Holdings
Withdrawn status Lost status Damaged status Home library Current library Shelving location Date acquired Full call number Accession Number Koha item type
      KAUAET KAUAET Binding Shelf 07/04/2012 604.2 21744 Books
free website counter